| 000 | 005200000a22001930004500 | ||
|---|---|---|---|
| 001 | 001622 | ||
| 003 | MACL | ||
| 005 | 20151006131300.0 | ||
| 008 | 151006b xxu||||| |||| 00| 0 eng d | ||
| 040 |
_aMACL _cMACL |
||
| 041 | _aEnglish | ||
| 082 | _a910/SIN | ||
| 100 |
_aSingh, Daman _913828 |
||
| 245 |
_aThe Last Frontier People And Forests In Mizoram _cDaman Singh |
||
| 260 |
_aNew Delhi _c1996 _bTata Energy Research Institute, |
||
| 350 | _a295 | ||
| 650 |
_aGeography And Travels _913829 |
||
| 942 |
_k910 _cBK _2ddc |
||
| 999 |
_c13541 _d13541 |
||